Images That Start with 'J' Quiz Stats

 Plays Quiz Updated Nov 12, 2018

Score 0/20 Timer 04:00
8 Plays Today
% Correct
jellyfish
97.5%
jury
95.6%
jersey
94.8%
jukebox
94.7%
jaguar
94%
jester
93.9%
jug
93.7%
Jupiter
92.2%
joust
85.5%
Jamaica
84.5%
% Correct
Jacuzzi
79.6%
jigsaw
70.5%
jackal
69%
jade
59.3%
juniper
57.6%
joey
53.1%
jujubes
46.3%
julep
38.1%
jetty
36.5%
jasmine
35%

You're not logged in!

Compare scores with friends on all Sporcle quizzes.
OR
Log In

You Might Also Like...

Show Comments

Extras

Top Quizzes Today


Score Distribution

Your Account Isn't Verified!

In order to create a playlist on Sporcle, you need to verify the email address you used during registration. Go to your Sporcle Settings to finish the process.

Report this User

Report this user for behavior that violates our Community Guidelines.

Details: